| 000 | 00467nam a2200193Ia 4500 | ||
|---|---|---|---|
| 003 | OSt | ||
| 005 | 20230428115803.0 | ||
| 008 | 210423s2011 xx 000 0 und d | ||
| 020 | _a9788122430288 | ||
| 040 | _cAL | ||
| 041 | _aeng | ||
| 082 |
_a519.5 _b KHAA _223 |
||
| 100 |
_aKHANDELWAL (Anju). _994752 |
||
| 245 | _aBusiness statistics. | ||
| 260 |
_aNew Delhi _bNew Age International _c2011 |
||
| 300 |
_axi,390 _bPB |
||
| 365 |
_b250 _cINR |
||
| 942 |
_2ddc _cBK |
||
| 999 |
_c161280 _d161280 |
||